| 000 | 00441pab a2200157 454500 | ||
|---|---|---|---|
| 008 | 180718b2011 xxu||||| |||| 00| 0 eng d | ||
| 100 | _aProsser, Tony | ||
| 245 | _a"An opportunity to take a more fundamental look at the role of government society": The spending review as regulation | ||
| 260 | _c2011 | ||
| 300 | _ap.596-616. | ||
| 362 | _aJul | ||
| 650 | _aPublic expenditure | ||
| 773 | _aPublic Law | ||
| 908 | _aN | ||
| 909 | _a92828 | ||
| 999 |
_c92828 _d92828 |
||